000 00630nam a2200181Ia 4500
008 100920s9999 xx 000 0 und d
082 _b71331
_a24 थ 98
100 _aपोतदार मधू.
245 _aछिन्नी हातोड्याचा घाव.
260 _bमंजुल प्रकाशन, पुणे.
_c1998
300 _a377
_bसाधी
365 _b325
520 _aसायो.
630 _aछिन्नी हातोड्याचा घाव.
650 _aसायो.
730 _aछिन्नी हातोड्याचा घाव.
942 _cBOOK
999 _c713238
_d713235